<?xml version="1.0" encoding="UTF-8"?>
<record
    xmlns:xsi="http://www.w3.org/2001/XMLSchema-instance"
    xsi:schemaLocation="http://www.loc.gov/MARC21/slim http://www.loc.gov/standards/marcxml/schema/MARC21slim.xsd"
    xmlns="http://www.loc.gov/MARC21/slim">

  <leader>01946nam a22003377a 4500</leader>
  <controlfield tag="001">0000123893</controlfield>
  <controlfield tag="003">DO-SdBNP</controlfield>
  <controlfield tag="005">20170303130348.0</controlfield>
  <controlfield tag="007">0000123893</controlfield>
  <controlfield tag="008">160429b 2014 dr        xxu||||| |||| 00| 0 spa d</controlfield>
  <datafield tag="020" ind1=" " ind2=" ">
    <subfield code="a">9945495569</subfield>
  </datafield>
  <datafield tag="040" ind1=" " ind2=" ">
    <subfield code="a">BPMSU</subfield>
    <subfield code="b">spa</subfield>
    <subfield code="c">BPMSU</subfield>
  </datafield>
  <datafield tag="082" ind1="0" ind2="4">
    <subfield code="a">373.5</subfield>
    <subfield code="b">E24a       1ro.    2014</subfield>
  </datafield>
  <datafield tag="245" ind1="0" ind2="0">
    <subfield code="a">Educaci&#xF3;n art&#xED;stica 1 : </subfield>
    <subfield code="b">educaci&#xF3;n media /</subfield>
    <subfield code="c">producci&#xF3;n editorial ; Mar&#xED;a del Jes&#xFA;s de la Rosa ; presentaci&#xF3;n Carlos Amarante Baret.</subfield>
  </datafield>
  <datafield tag="260" ind1=" " ind2=" ">
    <subfield code="a">Santo Domingo :</subfield>
    <subfield code="b">Ministerio de Educaci&#xF3;n:</subfield>
    <subfield code="b">Actualidad Escolar 2000,</subfield>
    <subfield code="c">2014.</subfield>
  </datafield>
  <datafield tag="300" ind1=" " ind2=" ">
    <subfield code="a">176 p. : </subfield>
    <subfield code="b">il., retrs. ; </subfield>
    <subfield code="c">27 cm. </subfield>
  </datafield>
  <datafield tag="500" ind1=" " ind2=" ">
    <subfield code="a">Primer grado primer ciclo /Educaci&#xF3;n media</subfield>
  </datafield>
  <datafield tag="500" ind1=" " ind2=" ">
    <subfield code="a">Este libro ha sido realizado de acuerdo al curr&#xED;culum vigente y ha sido sometido a la evaluaci&#xF3;n y aprobaci&#xF3;n del MINERD </subfield>
  </datafield>
  <datafield tag="504" ind1=" " ind2=" ">
    <subfield code="a">Bibliograf&#xED;a : p. 176</subfield>
  </datafield>
  <datafield tag="505" ind1=" " ind2=" ">
    <subfield code="g">Unidad 1 --</subfield>
    <subfield code="t">El arte prehist&#xF3;rico y egipcio --</subfield>
    <subfield code="t">La prehistoria --</subfield>
    <subfield code="t">Edad de piedra --</subfield>
    <subfield code="t">Edad de los metales --</subfield>
    <subfield code="t">El arte del antiguo Egipto --</subfield>
    <subfield code="t">Manifestaciones culturales --</subfield>
    <subfield code="t">Manifestaciones art&#xED;sticas --</subfield>
    <subfield code="t">La escultura y el relieve --</subfield>
    <subfield code="t">Pintura --</subfield>
    <subfield code="g">Unidad 2 --</subfield>
    <subfield code="t">Cultura --</subfield>
    <subfield code="t">El arte --</subfield>
    <subfield code="t">Obra art&#xED;stica --</subfield>
    <subfield code="t">Clasificaci&#xF3;n de las artes --</subfield>
    <subfield code="g">Unidad 3 --</subfield>
    <subfield code="t">Las t&#xE9;cnicas del arte --</subfield>
    <subfield code="g">Unidad 4 --</subfield>
    <subfield code="t">Campo tridimencional --</subfield>
    <subfield code="g">Unidad 5 --</subfield>
    <subfield code="t">Los elementos de expresi&#xF3;n pl&#xE1;stica --</subfield>
    <subfield code="g">Unidad 6 --</subfield>
    <subfield code="t">La m&#xFA;sica --</subfield>
    <subfield code="g">Unidad 7 --</subfield>
    <subfield code="g">Unidad 8 --</subfield>
    <subfield code="g">Unidad 9 --</subfield>
    <subfield code="t">Clasificaci&#xF3;n de las artes --</subfield>
    <subfield code="t">Obra art&#xED;stica --</subfield>
  </datafield>
  <datafield tag="650" ind1=" " ind2="4">
    <subfield code="a">ARTE</subfield>
    <subfield code="x">ENSE&#xD1;ANZA SECUNDARIA</subfield>
  </datafield>
  <datafield tag="650" ind1=" " ind2="4">
    <subfield code="a">ARTE</subfield>
    <subfield code="x">ENSE&#xD1;ANZA</subfield>
    <subfield code="x">ESTUDIOS Y EJERCICIOS</subfield>
  </datafield>
  <datafield tag="650" ind1=" " ind2="4">
    <subfield code="a">ARTE</subfield>
    <subfield code="x">ENSE&#xD1;ANZA</subfield>
    <subfield code="x">LIBROS DE TEXTOS</subfield>
  </datafield>
  <datafield tag="650" ind1=" " ind2="4">
    <subfield code="a">ARTE</subfield>
    <subfield code="x">ENSE&#xD1;ANZA</subfield>
    <subfield code="x">EDUCACI&#xD3;N SECUNDARIA</subfield>
  </datafield>
  <datafield tag="650" ind1=" " ind2="4">
    <subfield code="a">EDUCACI&#xD3;N SECUNDARIA</subfield>
    <subfield code="z">REP&#xDA;BLICA DOMINICANA</subfield>
  </datafield>
  <datafield tag="700" ind1="1" ind2=" ">
    <subfield code="a">Rosa, Mar&#xED;a del Jes&#xFA;s de la, </subfield>
    <subfield code="e">ed.</subfield>
  </datafield>
  <datafield tag="700" ind1="1" ind2=" ">
    <subfield code="a">Amarante Baret, Carlos,</subfield>
  </datafield>
  <datafield tag="910" ind1=" " ind2=" ">
    <subfield code="a">Validado. Control de calidad MFF</subfield>
  </datafield>
  <datafield tag="942" ind1=" " ind2=" ">
    <subfield code="2">ddc</subfield>
    <subfield code="c">BK</subfield>
  </datafield>
  <datafield tag="952" ind1=" " ind2=" ">
    <subfield code="0">0</subfield>
    <subfield code="1">0</subfield>
    <subfield code="2">ddc</subfield>
    <subfield code="4">0</subfield>
    <subfield code="7">0</subfield>
    <subfield code="8">CE</subfield>
    <subfield code="a">BPMET</subfield>
    <subfield code="b">BPMET</subfield>
    <subfield code="d">2016-04-29</subfield>
    <subfield code="e">Donaci&#xF3;n</subfield>
    <subfield code="l">0</subfield>
    <subfield code="o">373.5    E24a       1ro.    2014</subfield>
    <subfield code="p">BPMSU16040812</subfield>
    <subfield code="r">2016-04-29</subfield>
    <subfield code="w">2016-04-29</subfield>
    <subfield code="y">BK</subfield>
  </datafield>
  <datafield tag="956" ind1=" " ind2=" ">
    <subfield code="2">LOPEREZ</subfield>
    <subfield code="3">10</subfield>
    <subfield code="6">20160519</subfield>
    <subfield code="8">BPMSU</subfield>
    <subfield code="a">00041</subfield>
  </datafield>
  <datafield tag="999" ind1=" " ind2=" ">
    <subfield code="c">9969</subfield>
    <subfield code="d">9969</subfield>
  </datafield>
</record>
